000
00251nam a22001097a 4500
082
_a
005.42 HAR'D
100
_a
NELSON, K.Y, HARVEY, GREY
_9
66247
245
_a
DOS INSTANT REFERENCE
260
_a
DELHI
_b
BPB
_c
1988
300
_a
XII, 220P
942
_c
BK
999
_c
574235
_d
574235